Utilisation des Données NOAA-AVHRR pour le Suivi du Blé à L'Échelle de l'Europe (Record no. 32597)

000 -Cabeçalho
Cabeçalho 00478nam 22001693 4500
001 - Identificador do registo
Identificador do registo 32597
090 ## - Número de controle KOHA
Número biblioitem KOHA 32597
100 ## - Dados gerais de processamento
Dados gerais de processamento 20260317d u||y0pory50 ba
101 ## - Língua da publicação
Língua do texto, banda sonora, etc. Francês
200 ## - Título e menção de responsabilidade
Título próprio Utilisation des Données NOAA-AVHRR pour le Suivi du Blé à L'Échelle de l'Europe
Primeira menção de responsabilidade Soizik Laguette
210 ## - Publicação, distribuição, etc.
Data da publicação, distribuição, etc. 1997
215 ## - Descrição física
Tipo do material e extensão do item 167 p.
Dimensões 30 cm
300 ## - Notas gerais
Texto da nota These pour Obtenir le grade de Docteur de l'Engref
317 ## - Nota de proveniência
Instituição e exemplar a que o campo se aplica IM
606 ## - Nome comum usado como assunto
Subdivisão de assunto Metereologia Agrícola
ID Autoridade 23785
801 ## - Fonte de origem
Regras de catalogação ISBD
942 ## - Informação adicional KOHA
Inibição de acesso no OPAC Não
Holdings
Situação do extravio Classificação interna Koha para ordenação Data de aquisição Número de registo Número interno Koha (auto-gerado) Biblioteca de aquisição Biblioteca de empréstimo Cota Fim da data de empréstimo Permissão de empréstimo Tipo de documento
  ESTANTE_3_PRAT_3_000000000000000 2026-03-17 11765 32595 Biblioteca da Sede Biblioteca da Sede Estante 3, Prat 3 2026-03-17   Monografias

Powered by Koha